000 00753nam a2200253 a 4500
008
020 _a0521435919 (pbk. )
049 _aMAIN
090 _aQH212.E4
_bWAT
100 1 _aWatt, Ian M.
245 1 4 _aThe principles and practice of electron microscopy /
_cIan M. Watt.
250 _a2nd ed.
260 _aCambridge :
_bCambridge University Press,
_c1997.
300 _ax, 484 p. :
_bill. ;
_c26 cm.
504 _aIncludes bibliographical references.
500 _aIncludes index.
650 0 _aElectron microscopy.
650 1 2 _aMicroscopy, Electron.
907 _a.b10001165
_b09-10-12
_c17-04-03
003
005 20251016145522.0
040 _cNUST
942 _cBOOKS
_kQH212.E4
_mWAT
_01
999 _c152844
_d152844